000 00982nam a22002777a 4500
001 2061
005 20241125081859.0
020 _a9789814281195
040 _aFISKH
_beng
_cFISKH
_dFISKH
050 _aMLCM 97/08746 (P)
082 _a398.2
100 _aGiles, Jenny
245 _aSly fox and little red hen /
_cRetold by Jenny Giles Illustrated by Isabel Lowe
260 _aSouth Melbourne :
_bNelson School,
_c1998
300 _a32 pages :
_c21 cm
505 _aK
520 _aLight-hearted stories and fables about talking animals are a very old European tradition. This simple retelling omits the hen's amazing skill with a needle and thread, but retains the original humour of the tale. Set in Britain in the 19th century.
521 _a540
_bLexile
521 _aK
_bRaz-Plus
650 _2Animals
_aAnimals
650 _2Farm animals
_aFarm animals
650 _2Chicken
_aChicken
650 _2Fox
_aFox
700 _aLowe, Isabel
_eIllustrator
942 _2ddc
_cBK
_n0
999 _c2061
_d2061